[Event "I Sunway Sitges International Chess Festival - Group A"]
[Site "Sitges (Barcelona)"]
[Date "2014.12.14"]
[Round "2.1"]
[White "Romanov, Evgeny"]
[Black "Makhmutov, Rail"]
[Result "1-0"]
[WhiteElo "2638"]
[BlackElo "2428"]
[PlyCount "0"]
[EventDate "2014.12.14"]

1. Nf3 { [%clk 1:28] } d5 { [%clk 1:30] } 2. d4 { [%clk 1:28] } Nf6 { [%clk
1:31] } 3. c4 { [%clk 1:28] } c6 { [%clk 1:30] } 4. Nc3 { [%clk 1:28] } e6 {
[%clk 1:30] } 5. Bg5 { [%clk 1:28] } h6 { [%clk 1:30] } 6. Bxf6 { [%clk 1:28]
} Qxf6 { [%clk 1:30] } 7. e3 { [%clk 1:28] } Nd7 { [%clk 1:30] } 8. Be2 {
[%clk 1:28] } g6 { [%clk 1:28] } 9. O-O { [%clk 1:28] } Qe7 { [%clk 1:28] } 10.
e4 { [%clk 1:27] } dxc4 { [%clk 1:23] } 11. e5 { [%clk 1:27] } Bg7 { [%clk
1:23] } 12. Bxc4 { [%clk 1:26] } O-O { [%clk 1:23] } 13. Re1 { [%clk 1:26] } b5
{ [%clk 1:18] } 14. Bd3 { [%clk 1:20] } Bb7 { [%clk 1:14] } 15. Be4 { [%clk
1:21] } Rab8 { [%clk 1:10] } 16. Rc1 { [%clk 1:19] } c5 { [%clk 1:06] } 17.
Bxb7 { [%clk 1:17] } Rxb7 { [%clk 1:07] } 18. d5 { [%clk 1:13] } exd5 { [%clk
1:04] } 19. Nxd5 { [%clk 1:12] } Qe6 { [%clk 1:03] } 20. Nf4 { [%clk 1:05] }
Qf5 { [%clk 1:03] } 21. Qd5 { [%clk 1:05] } Rb6 { [%clk 0:58] } 22. Nxg6 {
[%clk 1:01] } Re8 { [%clk 0:53] } 23. Ngh4 { [%clk 0:59] } Qe6 { [%clk 0:52] }
24. Rcd1 { [%clk 0:59] } Nf8 { [%clk 0:48] } 25. Qxc5 { [%clk 0:49] } Qxa2 {
[%clk 0:48] } 26. Nf5 { [%clk 0:49] } Qxb2 { [%clk 0:43] } 27. Rb1 { [%clk
0:46] } Qa2 { [%clk 0:42] } 28. Nd6 { [%clk 0:47] } Reb8 { [%clk 0:39] } 29.
Ra1 { [%clk 0:40] } Qe6 { [%clk 0:38] } 30. Rxa7 { [%clk 0:27] } Qg6 { [%clk
0:27] } 31. Nh4 { [%clk 0:23] } Qh5 { [%clk 0:27] } 32. Nhf5 { [%clk 0:22] }
Ne6 { [%clk 0:26] } 33. Qb4 { [%clk 0:20] } Rf8 { [%clk 0:25] } 34. h4 1-0

[Event "I Sunway Sitges International Chess Festival - Group A"]
[Site "Sitges (Barcelona)"]
[Date "2014.12.14"]
[Round "2.2"]
[White "Terrieux, Kevin"]
[Black "Peralta, Fernando"]
[Result "1/2-1/2"]
[WhiteElo "2425"]
[BlackElo "2582"]
[PlyCount "0"]
[EventDate "2014.12.14"]

1. d4 { [%clk 1:28] } d5 { [%clk 1:30] } 2. c4 { [%clk 1:28] } e6 { [%clk
1:31] } 3. Nc3 { [%clk 1:28] } Bb4 { [%clk 1:31] } 4. Nf3 { [%clk 1:28] } Nf6
{ [%clk 1:32] } 5. cxd5 { [%clk 1:28] } exd5 { [%clk 1:32] } 6. Bg5 { [%clk
1:28] } h6 { [%clk 1:32] } 7. Bh4 { [%clk 1:28] } g5 { [%clk 1:32] } 8. Bg3 {
[%clk 1:28] } Ne4 { [%clk 1:32] } 9. Nd2 { [%clk 1:28] } Nxg3 { [%clk 1:33] }
10. hxg3 { [%clk 1:28] } c6 { [%clk 1:33] } 11. e3 { [%clk 1:16] } Bf5 { [%clk
1:32] } 12. a3 { [%clk 1:11] } Bf8 { [%clk 1:28] } 13. Nf3 { [%clk 1:08] } Bg7
{ [%clk 1:25] } 14. Bd3 { [%clk 1:06] } Be6 { [%clk 1:16] } 15. Na4 { [%clk
1:01] } Nd7 { [%clk 1:15] } 16. Rc1 { [%clk 1:02] } O-O { [%clk 1:06] } 17. Qc2
{ [%clk 0:53] } f5 { [%clk 1:05] } 18. Nc5 { [%clk 0:51] } Nxc5 { [%clk 1:04]
} 19. dxc5 { [%clk 0:51] } Qf6 { [%clk 1:00] } 20. Rb1 { [%clk 0:47] } a5 {
[%clk 0:55] } 21. O-O { [%clk 0:45] } a4 { [%clk 0:55] } 22. Rfe1 { [%clk
0:41] } Bd7 { [%clk 0:53] } 23. Nd4 { [%clk 0:36] } f4 { [%clk 0:37] } 24. gxf4
{ [%clk 0:33] } gxf4 { [%clk 0:38] } 25. Nf3 { [%clk 0:30] } fxe3 { [%clk
0:37] } 26. Rxe3 { [%clk 0:29] } Rfe8 { [%clk 0:37] } 27. b3 { [%clk 0:23] }
Rxe3 { [%clk 0:24] } 28. fxe3 { [%clk 0:24] } Re8 { [%clk 0:22] } 29. bxa4 {
[%clk 0:20] } Rxe3 { [%clk 0:21] } 30. Rxb7 { [%clk 0:20] } Bg4 { [%clk
0:14.24] } 31. Bh7+ { [%clk 0:13.26] } Kh8 { [%clk 0:14.13] } 32. Qg6 { [%clk
0:10.28] } Qxg6 { [%clk 0:14.09] } 33. Bxg6 { [%clk 0:10.52] } Bf8 { [%clk
0:14.07] } 34. Rh7+ { [%clk 0:09.57] } Kg8 { [%clk 0:14.31] } 35. Rc7 { [%clk
0:10.14] } Bxc5 { [%clk 0:08.24] } 36. Rxc6 { [%clk 0:10.22] } Rc3+ { [%clk
0:07.30] } 37. Kf1 { [%clk 0:10.37] } Bd7 { [%clk 0:07.05] } 38. Rc7 { [%clk
0:09.22] } Bxa4 { [%clk 0:06.54] } 39. Ne5 { [%clk 0:08.42] } Bb5+ { [%clk
0:03.19] } 40. Bd3 { [%clk 0:09.06] } Bxd3+ { [%clk 0:01.17] } 41. Nxd3 1/2-1/2

[Event "I Sunway Sitges International Chess Festival - Group A"]
[Site "Sitges (Barcelona)"]
[Date "2014.12.14"]
[Round "2.3"]
[White "Maze, Sebastien"]
[Black "Lacasa Diaz, Jose Antonio"]
[Result "1-0"]
[WhiteElo "2564"]
[BlackElo "2411"]
[PlyCount "0"]
[EventDate "2014.12.14"]

1. e4 { [%clk 1:28] } c6 { [%clk 1:30] } 2. Nc3 { [%clk 1:29] } d5 { [%clk
1:31] } 3. Nf3 { [%clk 1:29] } Bg4 { [%clk 1:29] } 4. h3 { [%clk 1:30] } Bxf3
{ [%clk 1:29] } 5. Qxf3 { [%clk 1:30] } Nf6 { [%clk 1:29] } 6. d4 { [%clk
1:30] } dxe4 { [%clk 1:23] } 7. Qe3 { [%clk 1:31] } e6 { [%clk 1:21] } 8. Nxe4
{ [%clk 1:31] } Nxe4 { [%clk 1:15] } 9. Qxe4 { [%clk 1:32] } Nd7 { [%clk 1:16]
} 10. c3 { [%clk 1:31] } Nf6 { [%clk 1:13] } 11. Qh4 { [%clk 1:30] } Qd5 {
[%clk 1:10] } 12. Qg3 { [%clk 1:18] } Nh5 { [%clk 1:04] } 13. Qg5 { [%clk
1:14] } Qxg5 { [%clk 1:00] } 14. Bxg5 { [%clk 1:14] } h6 { [%clk 1:01] } 15.
Bd2 { [%clk 1:11] } Bd6 { [%clk 1:00] } 16. g3 { [%clk 1:12] } Nf6 { [%clk
0:55] } 17. Bg2 { [%clk 1:07] } O-O-O { [%clk 0:42] } 18. O-O-O { [%clk 1:06]
} e5 { [%clk 0:37] } 19. dxe5 { [%clk 1:03] } Bxe5 { [%clk 0:37] } 20. Be3 {
[%clk 1:04] } Kc7 { [%clk 0:37] } 21. a4 { [%clk 1:03] } b6 { [%clk 0:35] } 22.
Kc2 { [%clk 1:02] } Rxd1 { [%clk 0:30] } 23. Rxd1 { [%clk 1:03] } Re8 { [%clk
0:30] } 24. Rd3 { [%clk 1:00] } c5 { [%clk 0:20] } 25. Bd2 { [%clk 0:56] } Bd6
{ [%clk 0:18.10] } 26. Rf3 { [%clk 0:53] } Re7 { [%clk 0:18.22] } 27. Bxh6 {
[%clk 0:47] } gxh6 { [%clk 0:17.46] } 28. Rxf6 { [%clk 0:47] } Bxg3 { [%clk
0:17.38] } 29. fxg3 { [%clk 0:47] } Re2+ { [%clk 0:18.01] } 30. Kb3 { [%clk
0:48] } Rxg2 { [%clk 0:18.28] } 31. Rxf7+ { [%clk 0:47] } Kc6 { [%clk 0:13.50]
} 32. g4 { [%clk 0:47] } h5 { [%clk 0:14.13] } 33. gxh5 { [%clk 0:47] } Rg5 {
[%clk 0:14.18] } 34. h6 { [%clk 0:44] } Rh5 { [%clk 0:14.43] } 35. h7 { [%clk
0:43] } a6 { [%clk 0:15.06] } 36. Kc2 { [%clk 0:32] } Rxh3 { [%clk 0:15.17] }
37. Kd2 { [%clk 0:33] } b5 { [%clk 0:14.26] } 38. a5 { [%clk 0:30] } c4 {
[%clk 0:10.03] } 39. Ke2 { [%clk 0:24] } Kc5 { [%clk 0:06.01] } 40. Rc7+ {
[%clk 0:22] } Kd6 { [%clk 0:06.23] } 41. Ra7 { [%clk 0:22] } Kc5 { [%clk
0:06.41] } 42. Kf2 { [%clk 0:22] } b4 { [%clk 0:05.30] } 43. Kg2 { [%clk 0:22]
} Rh6 { [%clk 0:04.45] } 44. Rb7 { [%clk 0:22] } bxc3 { [%clk 0:02.31] } 45.
bxc3 { [%clk 0:22] } Kd5 { [%clk 0:02.42] } 46. Kf3 { [%clk 0:22] } Rh1 {
[%clk 0:02.45] } 47. Kf4 { [%clk 0:21] } Kc6 { [%clk 0:03.01] } 48. Ra7 {
[%clk 0:07.20] } Kb5 { [%clk 0:03.20] } 49. Kg5 { [%clk 0:07.45] } Kxa5 {
[%clk 0:03.40] } 50. Kg6 { [%clk 0:05.43] } Ka4 { [%clk 0:04.02] } 51. Ra8 {
[%clk 0:03.40] } Kb3 { [%clk 0:03.50] } 52. h8=Q { [%clk 0:04.07] } Rxh8 {
[%clk 0:04.14] } 53. Rxh8 { [%clk 0:04.34] } Kxc3 { [%clk 0:04.18] } 54. Kf5 {
[%clk 0:05.02] } Kd4 { [%clk 0:04.06] } 55. Kf4 { [%clk 0:04.44] } Kd3 { [%clk
0:01.17] } 56. Kf3 { [%clk 0:03.57] } a5 { [%clk 0:00.44] } 57. Rd8+ { [%clk
0:03.30] } Kc2 { [%clk 0:01.12] } 58. Ke2 { [%clk 0:02.45] } a4 { [%clk
0:00.40] } 59. Ra8 { [%clk 0:03.05] } Kb3 { [%clk 0:00.33] } 60. Kd2 { [%clk
0:03.26] } c3+ { [%clk 0:00.51] } 61. Kc1 1-0

[Event "I Sunway Sitges International Chess Festival - Group A"]
[Site "Sitges (Barcelona)"]
[Date "2014.12.14"]
[Round "2.4"]
[White "Meister, Peter"]
[Black "Narciso Dublan, Marc"]
[Result "0-1"]
[WhiteElo "2408"]
[BlackElo "2515"]
[PlyCount "0"]
[EventDate "2014.12.14"]

1. d4 { [%clk 1:30] } Nf6 { [%clk 1:30] } 2. c4 { [%clk 1:31] } e6 { [%clk
1:30] } 3. Nf3 { [%clk 1:31] } Bb4+ { [%clk 1:30] } 4. Nbd2 { [%clk 1:30] } b6
{ [%clk 1:30] } 5. a3 { [%clk 1:30] } Bxd2+ { [%clk 1:30] } 6. Qxd2 { [%clk
1:29] } Bb7 { [%clk 1:30] } 7. e3 { [%clk 1:29] } O-O { [%clk 1:31] } 8. b4 {
[%clk 1:25] } d6 { [%clk 1:27] } 9. Bb2 { [%clk 1:25] } Nbd7 { [%clk 1:27] }
10. Be2 { [%clk 1:25] } Ne4 { [%clk 1:26] } 11. Qc2 { [%clk 1:24] } Ng5 {
[%clk 1:24] } 12. Nd2 { [%clk 1:04] } f5 { [%clk 1:22] } 13. f3 { [%clk 0:59]
} Qe7 { [%clk 1:04] } 14. O-O { [%clk 0:58] } c5 { [%clk 1:03] } 15. Qc3 {
[%clk 0:40] } Rf6 { [%clk 0:52] } 16. Kh1 { [%clk 0:33] } Rg6 { [%clk 0:34] }
17. Bd3 { [%clk 0:20] } Rf8 { [%clk 0:33] } 18. Rae1 { [%clk 0:20] } Nf6 {
[%clk 0:16.11] } 19. bxc5 { [%clk 0:06.57] } dxc5 { [%clk 0:15.46] } 20. d5 {
[%clk 0:07.15] } exd5 { [%clk 0:08.54] } 21. Bxf5 { [%clk 0:07.38] } Rh6 {
[%clk 0:09.19] } 22. f4 { [%clk 0:05.16] } Ne6 { [%clk 0:07.55] } 23. Kg1 {
[%clk 0:03.17] } Nc7 { [%clk 0:01.42] } 24. Nf3 { [%clk 0:00.55] } dxc4 {
[%clk 0:01.16] } 25. Qxc4+ { [%clk 0:01.21] } Kh8 { [%clk 0:01.27] } 26. Bd3 {
[%clk 0:01.02] } b5 { [%clk 0:00.59] } 27. Qc2 { [%clk 0:01.11] } c4 { [%clk
0:01.23] } 28. Bf5 { [%clk 0:01.20] } Ne4 { [%clk 0:01.30] } 29. g4 { [%clk
0:01.36] } Ne8 { [%clk 0:00.50] } 30. Be5 { [%clk 0:00.44] } N8d6 { [%clk
0:00.42] } 31. Nd4 { [%clk 0:01.01] } Nc5 { [%clk 0:00.44] } 32. Rd1 { [%clk
0:00.36] } Nf7 { [%clk 0:00.45] } 33. g5 { [%clk 0:00.33] } Rh4 { [%clk
0:00.35] } 34. Qf2 { [%clk 0:00.51] } Rh5 { [%clk 0:00.34] } 35. Bg4 { [%clk
0:01.02] } Nxe5 { [%clk 0:00.46] } 36. Bxh5 { [%clk 0:01.27] } Ned3 { [%clk
0:01.05] } 37. Qg3 { [%clk 0:01.38] } Qe4 { [%clk 0:00.49] } 38. Qf3 { [%clk
0:01.25] } Qe7 { [%clk 0:00.55] } 39. Qh3 { [%clk 0:01.33] } Bc8 { [%clk
0:00.50] } 40. Qg3 { [%clk 0:00.53] } Ne4 { [%clk 0:01.11] } 41. Qh4 { [%clk
0:00.38] } Nc3 { [%clk 0:00.55] } 42. Rxd3 { [%clk 0:00.33] } cxd3 { [%clk
0:01.11] } 43. Bg6 { [%clk 0:00.59] } h6 { [%clk 0:00.57] } 44. Qe1 { [%clk
0:00.48] } Ne2+ { [%clk 0:00.36] } 45. Nxe2 { [%clk 0:01.14] } Qxe3+ { [%clk
0:01.01] } 46. Qf2 { [%clk 0:01.14] } Qxe2 { [%clk 0:01.19] } 47. Qxe2 { [%clk
0:01.16] } dxe2 { [%clk 0:01.46] } 48. Re1 { [%clk 0:01.43] } hxg5 { [%clk
0:01.27] } 49. fxg5 { [%clk 0:01.46] } Bh3 0-1

[Event "I Sunway Sitges International Chess Festival - Group A"]
[Site "Sitges (Barcelona)"]
[Date "2014.12.14"]
[Round "2.5"]
[White "Delorme, Axel"]
[Black "Cruz, Filemon"]
[Result "1/2-1/2"]
[WhiteElo "2502"]
[BlackElo "2404"]
[PlyCount "0"]
[EventDate "2014.12.14"]

1. d4 { [%clk 1:28] } d5 { [%clk 1:30] } 2. Nf3 { [%clk 1:29] } c6 { [%clk
1:30] } 3. c4 { [%clk 1:29] } Nf6 { [%clk 1:31] } 4. g3 { [%clk 1:30] } Bf5 {
[%clk 1:29] } 5. Nc3 { [%clk 1:29] } e6 { [%clk 1:29] } 6. Nh4 { [%clk 1:29] }
Bg6 { [%clk 1:29] } 7. Qb3 { [%clk 1:28] } Qb6 { [%clk 1:28] } 8. Nxg6 { [%clk
1:27] } hxg6 { [%clk 1:29] } 9. c5 { [%clk 1:27] } Qc7 { [%clk 1:29] } 10. Bf4
{ [%clk 1:27] } Qc8 { [%clk 1:29] } 11. Bg2 { [%clk 1:26] } Nbd7 { [%clk 1:29]
} 12. Rc1 { [%clk 1:22] } Be7 { [%clk 1:28] } 13. O-O { [%clk 1:11] } Bd8 {
[%clk 1:25] } 14. Qc2 { [%clk 0:53] } Bc7 { [%clk 1:26] } 15. Bd2 { [%clk
0:53] } e5 { [%clk 1:14] } 16. e3 { [%clk 0:51] } e4 { [%clk 1:13] } 17. f3 {
[%clk 0:49] } exf3 { [%clk 1:08] } 18. Rxf3 { [%clk 0:49] } O-O { [%clk 1:07]
} 19. e4 { [%clk 0:39] } dxe4 { [%clk 1:07] } 20. Nxe4 { [%clk 0:39] } Nxe4 {
[%clk 1:06] } 21. Qxe4 { [%clk 0:40] } Nf6 { [%clk 1:02] } 22. Qh4 { [%clk
0:36] } Qd7 { [%clk 1:01] } 23. Bg5 { [%clk 0:33] } Bd8 { [%clk 1:01] } 24.
Rcf1 { [%clk 0:31] } Ng4 { [%clk 0:59] } 25. Bxd8 1/2-1/2

[Event "I Sunway Sitges International Chess Festival - Group A"]
[Site "Sitges (Barcelona)"]
[Date "2014.12.14"]
[Round "2.6"]
[White "Sadykov, Ramil"]
[Black "Oral, Tomas"]
[Result "0-1"]
[WhiteElo "2403"]
[BlackElo "2498"]
[PlyCount "0"]
[EventDate "2014.12.14"]

1. e4 { [%clk 1:30] } c5 { [%clk 1:28] } 2. Nf3 { [%clk 1:28] } e6 { [%clk
1:29] } 3. d4 { [%clk 1:29] } cxd4 { [%clk 1:29] } 4. Nxd4 { [%clk 1:29] } a6
{ [%clk 1:30] } 5. Nc3 { [%clk 1:30] } Qc7 { [%clk 1:30] } 6. Qf3 { [%clk
1:30] } b5 { [%clk 1:25] } 7. Qg3 { [%clk 1:30] } d6 { [%clk 1:13] } 8. Bd3 {
[%clk 1:22] } Nf6 { [%clk 1:12] } 9. O-O { [%clk 1:11] } Bb7 { [%clk 1:00] }
10. f3 { [%clk 1:10] } Nbd7 { [%clk 0:58] } 11. a4 { [%clk 1:10] } b4 { [%clk
0:58] } 12. Na2 { [%clk 1:10] } g6 { [%clk 0:46] } 13. Be3 { [%clk 1:07] } e5
{ [%clk 0:44] } 14. Nb3 { [%clk 0:52] } d5 { [%clk 0:43] } 15. Nd2 { [%clk
0:43] } Bc5 { [%clk 0:39] } 16. Qf2 { [%clk 0:41] } O-O { [%clk 0:38] } 17.
Bxc5 { [%clk 0:38] } Nxc5 { [%clk 0:38] } 18. Nxb4 { [%clk 0:38] } dxe4 {
[%clk 0:38] } 19. Nxe4 { [%clk 0:31] } Ncxe4 { [%clk 0:35] } 20. fxe4 { [%clk
0:31] } Nxe4 { [%clk 0:25] } 21. Qe3 { [%clk 0:31] } f5 { [%clk 0:25] } 22. c3
{ [%clk 0:26] } f4 { [%clk 0:19.57] } 23. Qe2 { [%clk 0:25] } Ng5 { [%clk
0:20] } 24. h4 { [%clk 0:18.17] } f3 { [%clk 0:09.18] } 25. Qc2 { [%clk
0:07.14] } fxg2 0-1

[Event "I Sunway Sitges International Chess Festival - Group A"]
[Site "Sitges (Barcelona)"]
[Date "2014.12.14"]
[Round "2.7"]
[White "Ducarmon, Quinten"]
[Black "Valdes Romero, Leonardo"]
[Result "1/2-1/2"]
[WhiteElo "2488"]
[BlackElo "2402"]
[PlyCount "0"]
[EventDate "2014.12.14"]

1. e4 { [%clk 1:30] } d6 { [%clk 1:29] } 2. d4 { [%clk 1:31] } Nf6 { [%clk
1:30] } 3. Nc3 { [%clk 1:31] } e5 { [%clk 1:30] } 4. Nf3 { [%clk 1:32] } Nbd7
{ [%clk 1:30] } 5. Bc4 { [%clk 1:31] } Be7 { [%clk 1:31] } 6. O-O { [%clk
1:32] } O-O { [%clk 1:31] } 7. a4 { [%clk 1:32] } c6 { [%clk 1:31] } 8. Ba2 {
[%clk 1:32] } a5 { [%clk 1:31] } 9. Qe2 { [%clk 1:31] } exd4 { [%clk 1:30] }
10. Nxd4 { [%clk 1:32] } Nc5 { [%clk 1:30] } 11. Qf3 { [%clk 1:24] } Qb6 {
[%clk 1:29] } 12. Nf5 { [%clk 1:19] } Bxf5 { [%clk 1:29] } 13. Qxf5 { [%clk
1:19] } Rae8 { [%clk 1:29] } 14. Bc4 { [%clk 0:59] } Qb4 { [%clk 1:16] } 15.
Bd3 { [%clk 0:58] } Bd8 { [%clk 1:03] } 16. Be3 { [%clk 0:54] } Nxd3 { [%clk
0:55] } 17. cxd3 { [%clk 0:54] } Qb3 { [%clk 0:46] } 18. Bd4 { [%clk 0:28] } h6
{ [%clk 0:40] } 19. Rab1 { [%clk 0:20] } Qe6 { [%clk 0:35] } 20. Qf3 { [%clk
0:18.23] } Nd7 { [%clk 0:35] } 21. Qg3 { [%clk 0:17.58] } Qg6 { [%clk 0:30] }
22. Qxg6 { [%clk 0:15.37] } fxg6 { [%clk 0:30] } 23. Be3 { [%clk 0:11.03] } Ne5
{ [%clk 0:27] } 24. d4 { [%clk 0:10.47] } Ng4 { [%clk 0:25] } 25. Rfe1 { [%clk
0:10.11] } g5 { [%clk 0:24] } 26. Rbd1 { [%clk 0:09.08] } Bb6 { [%clk 0:21] }
27. Re2 { [%clk 0:09.32] } Rf7 { [%clk 0:18.24] } 28. h3 { [%clk 0:08.58] }
Nxe3 { [%clk 0:17.43] } 29. Rxe3 { [%clk 0:08.47] } Rfe7 { [%clk 0:16.44] } 30.
Kf1 { [%clk 0:07.53] } Ba7 { [%clk 0:13.50] } 31. Rf3 { [%clk 0:07.52] } Kh7 {
[%clk 0:13.35] } 32. Rf5 { [%clk 0:07.54] } Bb6 { [%clk 0:13.44] } 33. g3 {
[%clk 0:07.13] } Kg6 { [%clk 0:13.50] } 34. Rf3 { [%clk 0:06.26] } Ra8 { [%clk
0:11.58] } 35. Kg2 { [%clk 0:06.44] } Rae8 { [%clk 0:11.02] } 36. Kf1 { [%clk
0:07.08] } Ra8 { [%clk 0:11.20] } 37. Kg2 { [%clk 0:07.34] } 1/2-1/2

[Event "I Sunway Sitges International Chess Festival - Group A"]
[Site "Sitges (Barcelona)"]
[Date "2014.12.14"]
[Round "2.8"]
[White "Charochkina, Daria"]
[Black "Romanishin, Oleg M"]
[Result "1/2-1/2"]
[WhiteElo "2370"]
[BlackElo "2487"]
[PlyCount "0"]
[EventDate "2014.12.14"]

1. c4 e5 2. Nc3 Nf6 3. g3 d5 4. cxd5 Nxd5 5. Bg2 Nb6 6. e3 Nc6 7. Nge2 Be7 8.
O-O O-O 9. f4 Nb4 10. fxe5 Nd3 11. Nf4 Nxe5 12. d4 Ng6 13. Nd3 c6 14. h4 Bd6
15. Ne4 f5 16. Nxd6 Qxd6 17. h5 Ne7 18. Qf3 Be6 19. Bd2 Bd5 20. Qf4 Qxf4 21.
Nxf4 Bxg2 22. Kxg2 Ned5 23. Nxd5 Nxd5 24. h6 g6 25. g4 Rae8 26. gxf5 gxf5 27.
Rf3 Rf6 28. Rh1 Kf7 29. Rh5 f4 30. Re5 Rg8+ 31. Kf1 fxe3 32. Rxf6+ Kxf6 33.
Bxe3 Nxe3+ 34. Rxe3 Rg6 {Unredable Ilegible} 35. Ra3 a6 36. Rb3 b5 37. Ra3 Ke6
38. Rxa6 Kd5 39. Ra7 Rxh6 40. Rd7+ Ke6 41. Ra7 Rh2 42. b3 Kd5 43. Rd7+ Ke4 44.
a4 bxa4 45. bxa4 h5 46. Rd6 Rc2 47. Kg1 h4 48. a5 Ra2 1/2-1/2

[Event "I Sunway Sitges International Chess Festival - Group A"]
[Site "Sitges (Barcelona)"]
[Date "2014.12.14"]
[Round "2.9"]
[White "Bailet, Pierre"]
[Black "Akbarinia, Sayed Arash"]
[Result "1/2-1/2"]
[WhiteElo "2484"]
[BlackElo "2366"]
[PlyCount "0"]
[EventDate "2014.12.14"]

1. d4 d5 2. c4 e6 3. Nf3 Nf6 4. g3 Be7 5. Bg2 O-O 6. O-O dxc4 7. Qc2 a6 8. Qxc4
b5 9. Qc2 Bb7 10. Bd2 Be4 11. Qc1 Qc8 12. Bg5 Nbd7 13. Nbd2 Bb7 14. Nb3 c5 15.
dxc5 Nxc5 16. Bxf6 gxf6 17. Qh6 Nxb3 18. axb3 Rd8 19. Rac1 Qd7 20. Nh4 Bxg2 21.
Nxg2 Qd2 22. Nf4 Rac8 23. Ra1 e5 24. Rfd1 Bf8 25. Qh4 Qxd1+ 26. Rxd1 Rxd1+ 27.
Kg2 Rc6 28. e4 Rdd6 29. Nd5 Kh8 30. Qh5 Kg8 31. h4 Re6 32. Qg4+ Kh8 33. Qf5
Red6 34. Kh3 Re6 35. g4 Kg8 36. Qf3 Bh6 37. Qd3 Bf8 38. Qe3 Bc5 39. Qf3 Bf8 40.
Qe3 Bc5 41. Qg3 Bf8 42. b4 Bh6 43. Qd3 Bf8 44. Qe3 Red6 45. Qa7 Rc8 46. Qb7
Rcc6 47. Qb8 Kg7 48. Kg2 Rd7 49. Ne3 Kg8 50. Nf5 Rdc7 51. Qd8 Rb7 52. Qe8 Re6
53. Qc8 Reb6 54. Qe8 Re6 55. Qd8 Ra7 56. h5 Rb7 57. Nh6+ Kg7 58. Nf5+ Kg8 59.
Nh6+ Kg7 60. g5 Reb6 61. Nf5+ Kg8 62. Ne7+ Rxe7 63. Qxb6 Re6 64. Qd8 fxg5 65.
Qxg5+ Kh8 66. Qd2 Bh6 67. Qd8+ Kg7 68. Kf3 Rf6+ 69. Ke2 Bf4 70. Qc8 Re6 71. Kf3
h6 72. Kg4 Bg5 73. Kf5 Bf4 74. Qd8 Bg5 75. Qb8 Bf4 1/2-1/2

[Event "I Sunway Sitges International Chess Festival - Group A"]
[Site "Sitges (Barcelona)"]
[Date "2014.12.14"]
[Round "2.10"]
[White "Aryan, Chopra"]
[Black "Perez Mitjans, Orelvis"]
[Result "0-1"]
[WhiteElo "2337"]
[BlackElo "2463"]
[PlyCount "0"]
[EventDate "2014.12.14"]

1. e4 e6 2. d4 d5 3. Nc3 Nf6 4. e5 Nfd7 5. f4 c5 6. Nf3 Qb6 7. Be3 a6 8. Na4
Qa5+ 9. c3 c4 10. b4 Qc7 11. Be2 a5 12. b5 Ba3 13. Bc1 Be7 14. Qc2 Nf8 15. O-O
Nbd7 16. Rb1 Nb6 17. Nxb6 Qxb6 18. a4 Bd7 19. Be3 f5 20. Qd2 Qc7 21. Qe1 b6 22.
Qg3 Rg8 23. h4 O-O-O 24. h5 Be8 25. Nh4 Rd7 26. Kf2 Qd8 27. Rh1 g5 28. hxg6
Nxg6 29. Nf3 Rg7 30. Ng5 Nxf4 31. Bxf4 Bxg5 32. Bxg5 Rxg5 33. Qf4 Rdg7 34. Bf3
h5 35. Rh2 Qe7 36. Ra1 Qf8 37. Ke3 Rg4 38. Bxg4 Rxg4 39. Qf2 Qh6+ 40. Ke2 h4 41. Kd1 Rf4 42. Qg1 Re4 43. g3 Qg5 44. Rg2 h3 45. Rd2 f4 46. Kc2 fxg3 47. Rf1 Rf4 0-1

[Event "I Sunway Sitges International Chess Festival - Group A"]
[Site "Sitges (Barcelona)"]
[Date "2014.12.14"]
[Round "2.11"]
[White "Martinez Alcantara, Jose Eduar"]
[Black "Gomez Jurado, Luis Alberto"]
[Result "1-0"]
[WhiteElo "2448"]
[BlackElo "2349"]
[PlyCount "0"]
[EventDate "2014.12.14"]

1. c4 c6 2. Nf3 d5 3. g3 Nf6 4. Bg2 Bf5 5. cxd5 cxd5 6. Qb3 Nbd7 7. Qxb7 Nc5 8.
Qb4 e5 9. O-O Rb8 10. Qc3 d4 11. Qc4 Be6 12. Qc2 e4 13. Ng5 Bd5 14. d3 Rc8 15.
Qd1 exd3 16. exd3 Bxg2 17. Kxg2 Be7 18. Na3 O-O 19. Nf3 Nd5 20. Nc2 Bf6 21. Kg1
Qd7 22. Nfxd4 Bxd4 23. Nxd4 Nb4 24. Be3 Nbxd3 25. Nb3 Ne6 26. Nc1 Rcd8 27. Nxd3
Qb5 28. a4 Qf5 29. Ra3 Rd5 30. Qe2 Re8 31. Bxa7 Red8 32. Nb4 Rd2 33. Qf3 Qh3
34. Be3 Rxb2 35. Nc6 Re8 36. a5 h5 37. a6 h4 38. a7 Nc7 39. Ne7+ Rxe7 40. a8=Q+
Nxa8 41. Rxa8+ Kh7 42. Qh5# 1-0

[Event "I Sunway Sitges International Chess Festival - Group A"]
[Site "Sitges (Barcelona)"]
[Date "2014.12.14"]
[Round "2.12"]
[White "Aroshidze, Levan"]
[Black "Delorme, Alban"]
[Result "1-0"]
[WhiteElo "2537"]
[BlackElo "2328"]
[PlyCount "0"]
[EventDate "2014.12.14"]

1. e4 c5 2. Nf3 Nc6 3. d4 cxd4 4. Nxd4 Nf6 5. Nc3 d6 6. f3 e5 7. Nb3 Be7 8. Be3
O-O 9. Qd2 a5 10. Bb5 Na7 11. Bd3 Nc6 12. a3 Be6 13. Rd1 a4 14. Nc1 d5 15. exd5
Nxd5 16. Nxd5 Qxd5 17. Bxh7+ Kxh7 18. Qxd5 Bxd5 19. Rxd5 Na5 20. Nd3 Nc4 21.
Ke2 Rac8 22. c3 f5 23. Rd7 Bf6 24. Rxb7 Rb8 25. Rxb8 Rxb8 26. Bc1 e4 27. fxe4
fxe4 28. Nb4 Kg6 29. Rd1 Kf5 30. Rd5+ Ke6 31. Rc5 1-0

[Event "I Sunway Sitges International Chess Festival - Group A"]
[Site "Sitges (Barcelona)"]
[Date "2014.12.14"]
[Round "2.13"]
[White "Vaarala, Eric"]
[Black "Baklan, Vladimir"]
[Result "0-1"]
[WhiteElo "2281"]
[BlackElo "2655"]
[PlyCount "0"]
[EventDate "2014.12.14"]

1. d4 Nf6 2. c4 g6 3. Nc3 Bg7 4. e4 d6 5. f3 a6 6. Be3 O-O 7. Qd2 c6 8. a4 a5
9. Bd3 Na6 10. Rd1 e5 11. Nge2 Nh5 12. O-O exd4 13. Nxd4 Nc5 14. Bc2 Qb6 15. b3
Qb4 16. Nce2 Qxd2 17. Rxd2 Re8 18. g4 Nf6 19. Bf4 Bf8 20. Ng3 Nfd7 21. Kg2 Na6
22. Nde2 Nb4 23. Bd1 Ne5 24. Nc1 b6 25. Be2 Bb7 26. Nd3 Nexd3 27. Bxd3 d5 28.
cxd5 Nxd3 29. Rxd3 Ba6 30. Rfd1 Bxd3 31. Rxd3 Rad8 32. Bc7 Rd7 33. d6 f6 34. f4
Kf7 35. Kf3 Be7 36. e5 fxe5 37. fxe5 Bf8 38. Kf4 Bg7 39. Re3 Ke6 40. Bxb6 Rf7+
41. Kg5 Bxe5 42. Bc7 Kd7 43. Rd3 Bf6+ 44. Kh6 Re5 0-1